| 000 | 01729nam a22004337a 4500 | ||
|---|---|---|---|
| 001 | 000106088 | ||
| 003 | CHAP | ||
| 005 | 20220329143832.0 | ||
| 008 | 111118s2011 mx r 00010 spa d | ||
| 010 | _a102550 | ||
| 011 | _a103522 | ||
| 035 | _a114211 | ||
| 040 | _cCHAP | ||
| 090 | _aTesis | ||
| 100 | 1 |
_aHernández Martínez, David. _954286 |
|
| 245 | 1 | 0 |
_aEvaluación comparativa de los tractores New Holland ts 6020 y Case 105u, al formar agregado con la rastra Internacional 753 de 26 discos _h[En línea] _c/por David Hernández Martínez y Hesiquías Vargas Thompson. |
| 260 |
_aChapingo, Méx. : _bEl autor, _c2011. |
||
| 500 | _aPara ver el contenido del material haga clic en la liga | ||
| 502 | _aTesis (Ing. Mecánico Agrícola) -- UACH. Departamento de Ingeniería Mecánica | ||
| 590 |
_aALEPH _b10 _c20130110 _lUCH01 _h1543 |
||
| 590 |
_aBATCH-UPD _b10 _c20130110 _lUCH01 _h1534 |
||
| 590 |
_aBATCH-UPD _b10 _c20130410 _lUCH01 _h0939 |
||
| 590 |
_aBATCH-UPD _b10 _c20130914 _lUCH01 _h1334 |
||
| 590 |
_aBATCH-UPD _b10 _c20140324 _lUCH01 _h1528 |
||
| 590 |
_aBATCH-UPD _b10 _c20141002 _lUCH01 _h0852 |
||
| 590 |
_aCONVERSION _b10 _c20130109 _lUCH01 _h1356 |
||
| 590 |
_aE11695DGD _b10 _c20141006 _lUCH01 _h1134 |
||
| 650 | 1 | 4 |
_aEvaluación. _938913 |
| 650 | 1 | 4 |
_aMaquinaria agrícola _xSonora. _971200 |
| 650 | 1 | 4 |
_aRastra. _994727 |
| 650 | 1 | 4 |
_aTractores _xPruebas. _9114586 |
| 700 | 1 |
_aVargas Thompson, Hesiquias _9118107 |
|
| 856 |
_3Finding aid _uhttp://10.13.5.2/tesis/114211.pdf _zTeclea aqui |
||
| 901 | _aBK | ||
| 942 | _cFOLL | ||
| 942 | _n0 | ||
| 949 |
_aTesis _bBC _cTES _d33724002312819 _eTS1 _gDonaciØn _h53037 _i114211 _st |
||
| 949 |
_aTesis _bBC _cTES _d33724002312850 _eTS2 _fc.2 _gDonaciØn _h53038 _i114211 _st |
||
| 999 |
_c102550 _d102550 |
||